000 00286nam a22001337a 4500
008 190305b xxu||||| |||| 00| 0 eng d
020 _a9780256079173
041 _aeng
080 _22nd
_a336
100 _a56
101 _aFIN
245 _aCorporate Finance
_cRoss
942 _2udc
_cBK
999 _c54516
_d54516